Ľ intersection des intégrations: nouvelle forme d´intégration flexible au XXI e siècle

Proces medzinárodnej ekonomickej integrácie, ktorý trvá už viac ako pol storočia. Európska únia - najvyššia forma integrácie. Ekonomická integrácia v Amerike, Ázii a v Afrike. Globalizácia ovplyvňujúca heterogénnosť svetovej ekonomiky a taktiež konkrétne formy integrácie. Svetové ekonomické integrác...

Descrizione completa

Salvato in:
Dettagli Bibliografici
Autore principale: Kosír, Igor
Natura: Capitolo di libro
Lingua:francese
Soggetti:
Tags: Aggiungi Tag
Nessun Tag, puoi essere il primo ad aggiungerne!!

MARC

LEADER 00000naa$a2200000$$$4500
001 0092362
005 20240502083234.6
041 0 |a fre 
044 |a BE 
245 1 0 |a Ľ intersection des intégrations: nouvelle forme d´intégration flexible au XXI e siècle  |c Igor Kosír 
520 |a Proces medzinárodnej ekonomickej integrácie, ktorý trvá už viac ako pol storočia. Európska únia - najvyššia forma integrácie. Ekonomická integrácia v Amerike, Ázii a v Afrike. Globalizácia ovplyvňujúca heterogénnosť svetovej ekonomiky a taktiež konkrétne formy integrácie. Svetové ekonomické integrácie. Flexibilná ekonomická integrácia. 
610 2 0 |a integrácia ekonomická 
610 2 0 |a integrácia regionálna 
610 2 0 |a únie hospodárske 
610 2 0 |a únie menové 
610 2 0 |a obchod voľný 
610 2 0 |a spolupráca hospodárska medzinárodná 
610 2 0 |a organizácie medzinárodné 
610 2 0 |a globalizácia 
610 2 0 |a flexibilita 
610 2 0 |a svet 
610 2 0 |a Európska únia 
100 1 |a Kosír, Igor